• 首页
  • 本馆介绍
  • 公告通知
  • 最新文献
  • 馆藏检索
  • 电子资源
  • 读者导购
  • 参考咨询
  • 我的图书馆
  • 登录
  • 详细信息显示
  • 放入我的书架
  • 预约/预借图书
  • 作者相关作品
  • 分类相关作品
  • 丛书相关作品
  • 出版社相关作品

书目信息

  • 表格格式
  • 工作单格式
  • 卡片格式
题名:
浪迹天涯的吉卜赛人
    
 
作者: 赵锦元 著
分册:  
出版信息: 北京   中国社会科学出版社  1982
页数: 76页
开本: 19cm
丛书名:
单 册:
中图分类: K18
科图分类:
主题词: 吉卜赛人-民族志 , 民族志-吉卜赛人
电子资源:
ISBN:
000 00668nam0 2200253 45
001 0182007614
005 20060803103805.95
010    @dCNY0.27
091    @aCN@b3190.030
100    @a19950515d1982 emky0chiy0121 ea
101 0  @achi
102    @aCN@b110000
105    @af z 000yy
200 10 @a浪迹天涯的吉卜赛人@Alang ji tian ya de ji bu sai ren@f赵锦元著
210    @a北京@c中国社会科学出版社@d1982
215    @a76页@c照片@d19cm
300    @a世界民族志
606    @a吉卜赛人-民族志
606    @a民族志-吉卜赛人
690    @aK18@v3
701  0 @a赵锦元@Azhao jin yuan@4著
801  2 @aCN@bNLC@c20060803
801  0 @aCN@bTSSF
905    @a10447@dK18@e132
    
    浪迹天涯的吉卜赛人/赵锦元著.-北京:中国社会科学出版社,1982
    76页:照片;19cm
    世界民族志
    
    ISBN :CNY0.27
    
●
相关链接 在E读中查询图书 在五车中查询图书 在当当中查询图书 在豆瓣中查询图书


正题名:浪迹天涯的吉卜赛人     索取号:K18/132         预约/预借

序号 登录号 条形码 馆藏地/架位号 状态 备注
1 0444418   204444182   密集书库/ [索取号:K18/132] 在馆    
2 0444419   204444191   密集书库/ [索取号:K18/132] 在馆    
3 0444507   204445074   密集书库/ [索取号:K18/132] 在馆    
唐山师范学院图书馆 欢迎您!
大连网信软件有限公司© 版权所有